[Event "EU-ch 24th"]
[Site "Petrovac"]
[Date "2024.11.19"]
[Round "11"]
[White "Ozenir, Ekin Baris"]
[Black "Maurizzi, Marc Andria"]
[Result "1-0"]
[WhiteElo "2392"]
[BlackElo "2585"]
[PlyCount "67"]
[EventDate "2024.11.08"]
[EventType "swiss"]
[EventRounds "11"]
[EventCountry "MNE"]
[SourceTitle "CB47_2024"]
[SourceDate "2024.11.20"]
[SourceVersion "1"]
[SourceVersionDate "2024.11.20"]
[SourceQuality "1"]

1. d4 Nf6 2. c4 c5 3. d5 b5 4. cxb5 a6 5. b6 e6 6. Nc3 exd5 7. Nxd5 Nxd5 8. Qxd5 Nc6 9. Nf3 Rb8 10. e4 Be7 11. Bc4 0-0 12. 0-0 Rxb6 13. Rd1 d6 14. Qh5 Be6 15. Bd5 Qc8 16. h3 Re8 17. Rb1 g6 18. Qh6 Bf8 19. Qd2 Nb4 20. b3 Nxd5 21. exd5 Bxh3 22. gxh3 Qxh3 23. Qf4 h6 24. Bd2 g5 25. Qg3 Qf5 26. Re1 Rbb8 27. Bc3 Qxd5 28. Nd2 Qb7 29. f4 d5 30. Be5 Rbc8 31. fxg5 h5 32. g6 f5 33. Qg5 Bg7 34. Nf3 1-0

[Event "EU-ch 24th"]
[Site "Petrovac"]
[Date "2024.11.15"]
[Round "7"]
[White "Rasulov, Vugar Ural Oglu"]
[Black "Ozenir, Ekin Baris"]
[Result "1-0"]
[WhiteElo "2511"]
[BlackElo "2392"]
[PlyCount "111"]
[EventDate "2024.11.08"]
[EventType "swiss"]
[EventRounds "11"]
[EventCountry "MNE"]
[SourceTitle "CB47_2024"]
[SourceDate "2024.11.20"]
[SourceVersion "1"]
[SourceVersionDate "2024.11.20"]
[SourceQuality "1"]

1. d4 Nf6 2. Nf3 e6 3. g3 b5 4. Bg5 Bb7 5. Nbd2 d5 6. e3 a6 7. a4 b4 8. Nb3 a5 9. Ne5 h6 10. Bxf6 gxf6 11. Nd3 Nd7 12. Bg2 Bd6 13. 0-0 f5 14. c3 bxc3 15. bxc3 Ba6 16. Re1 c6 17. Bf1 0-0 18. Rb1 Bxd3 19. Bxd3 Rb8 20. Qc2 Qc7 21. Rec1 Ba3 22. Rd1 Be7 23. c4 dxc4 24. Bxc4 Rb4 25. Bf1 Rc8 26. Rbc1 Nf6 27. Nd2 c5 28. Bb5 Nd5 29. Qd3 Qb8 30. Nf3 Nc7 31. Bd7 Rd8 32. Ne5 Nd5 33. Bb5 cxd4 34. Nc6 Qb6 35. exd4 Bf6 36. Qf3 Kg7 37. Nxd8 Qxd8 38. Bc6 Bxd4 39. Bxd5 Qxd5 40. Qxd5 exd5 41. Rc6 f4 42. Kg2 fxg3 43. hxg3 Rxa4 44. Ra6 f6 45. Rd6 Rb4 46. Rxd5 Bb6 47. f4 Kg6 48. Rd7 a4 49. Kh3 Kf5 50. Re7 h5 51. Rd5+ Kg6 52. Re8 Kf7 53. Ra8 Ke6 54. Rxh5 Kd6 55. Ra6 Kc6 56. Rha5 1-0

[Event "Wch U20 61st"]
[Site "Gandhinagar"]
[Date "2024.06.13"]
[Round "11"]
[White "Koelle, Tobias"]
[Black "Ozenir, Ekin Baris"]
[Result "1-0"]
[WhiteElo "2470"]
[BlackElo "2390"]
[PlyCount "101"]
[EventDate "2024.06.02"]
[EventType "swiss"]
[EventRounds "11"]
[EventCountry "IND"]
[SourceTitle "CBM 220 Extra"]
[Source "ChessBase"]
[SourceDate "2024.07.31"]
[SourceVersion "1"]
[SourceVersionDate "2024.07.31"]
[SourceQuality "1"]

1. d4 Nf6 2. c4 e6 3. Nf3 c5 4. d5 exd5 5. cxd5 d6 6. Nc3 g6 7. h3 Bg7 8. e4 a6 9. a4 Nbd7 10. Bd3 Nh5 11. 0-0 Ne5 12. Nxe5 Bxe5 13. f4 Bd4+ 14. Kh2 Qh4 15. Qe1 g5 16. Qxh4 gxh4 17. Ne2 Bg7 18. Rb1 f5 19. Bd2 0-0 20. Be1 fxe4 21. Bxe4 Bf6 22. Bc3 Bd7 23. Bf3 Ng7 24. b4 c4 25. Bxf6 Rxf6 26. Rbc1 Nf5 27. a5 Bb5 28. Rfe1 Raf8 29. Bg4 Kh8 30. Kg1 Ne3 31. Bf3 Nf5 32. Bg4 Ne3 33. Bf3 Nf5 34. Kf2 Ne7 35. Be4 Ng6 36. f5 Rxf5+ 37. Bxf5 Rxf5+ 38. Kg1 Rxd5 39. Nc3 Re5 40. Red1 Re6 41. Rd4 Ne5 42. Nxb5 axb5 43. Rd5 Nd3 44. Rd1 Re7 45. Rxd6 Rc7 46. Rd5 Kg7 47. Rxb5 Rd7 48. Rb6 Kf8 49. b5 c3 50. a6 c2 51. Rf1+ 1-0

[Event "Austin AGCA IM"]
[Site "Austin"]
[Date "2024.01.11"]
[Round "1"]
[White "Ozenir, Ekin Baris"]
[Black "Juksta, Karolis"]
[Result "1-0"]
[WhiteElo "2382"]
[BlackElo "2416"]
[PlyCount "105"]
[EventDate "2024.01.11"]
[EventType "tourn"]
[EventRounds "9"]
[EventCountry "USA"]
[SourceTitle "CBM 218 Extra"]
[Source "ChessBase"]
[SourceDate "2024.03.31"]
[SourceVersion "1"]
[SourceVersionDate "2024.03.31"]
[SourceQuality "1"]

1. c4 b6 2. Nc3 Bb7 3. d4 e6 4. a3 f5 5. d5 Nf6 6. g3 Na6 7. Bg2 Nc5 8. Nh3 Bd6 9. 0-0 Be5 10. Qc2 0-0 11. Rd1 Qe7 12. Nf4 a5 13. Be3 Bxc3 14. Qxc3 Nce4 15. Qe5 Qd6 16. Qxd6 Nxd6 17. dxe6 Bxg2 18. Kxg2 Nxc4 19. Bd4 dxe6 20. Nxe6 Rf7 21. Rac1 b5 22. a4 Re8 23. Nf4 c6 24. b3 Ne5 25. Bxe5 Rxe5 26. Rxc6 bxa4 27. bxa4 Rd7 28. Rd3 Rxd3 29. exd3 Nd5 30. Kf3 g5 31. Nxd5 Rxd5 32. Ke3 Re5+ 33. Kd2 f4 34. d4 Re4 35. Kd3 Re1 36. Rc5 h6 37. gxf4 gxf4 38. Rxa5 Rd1+ 39. Ke4 Rd2 40. f3 Rxh2 41. Kxf4 Kf7 42. Re5 Rd2 43. Ke4 Ra2 44. a5 Ra3 45. f4 Kg6 46. f5+ Kg5 47. Re6 Rxa5 48. Rg6+ Kh5 49. Rg1 Kh4 50. f6 Ra2 51. Kf5 Rf2+ 52. Kg6 h5 53. f7 1-0

[Event "Fort Lauderdale 1000 GM GM 11"]
[Site "Fort Lauderdale"]
[Date "2023.11.06"]
[Round "8"]
[White "Fishbein, Alexander"]
[Black "Ozenir, Ekin Baris"]
[Result "1-0"]
[WhiteElo "2382"]
[BlackElo "2391"]
[PlyCount "101"]
[EventDate "2023.11.02"]
[EventType "tourn"]
[EventRounds "9"]
[EventCountry "USA"]
[EventCategory "8"]
[SourceTitle "CBM 217 Extra"]
[Source "ChessBase"]
[SourceDate "2024.01.31"]
[SourceVersion "1"]
[SourceVersionDate "2024.01.31"]
[SourceQuality "1"]

1. e4 e6 2. d4 d5 3. exd5 exd5 4. Nf3 Nf6 5. Bd3 Bd6 6. Qe2+ Be6 7. Ng5 Qe7 8. Nxe6 fxe6 9. c3 0-0 10. 0-0 e5 11. dxe5 Qxe5 12. Qxe5 Bxe5 13. Nd2 Nbd7 14. Nf3 Bd6 15. g3 Bc5 16. Kg2 Rae8 17. Bf4 Bb6 18. Rae1 Nc5 19. Bc2 Ne6 20. Bc1 c6 21. b4 Nc7 22. Bd3 a5 23. a3 axb4 24. axb4 Rxe1 25. Rxe1 Re8 26. Rxe8+ Ncxe8 27. Bf4 Kf8 28. Be5 Ke7 29. Nd4 g6 30. Bf4 Nd6 31. f3 Nde8 32. Be3 Kd7 33. g4 Bc7 34. h4 Ke7 35. h5 Kf7 36. hxg6+ hxg6 37. Ne2 Be5 38. Nf4 Bxc3 39. Bxg6+ Ke7 40. Bc5+ Nd6 41. Ne2 Bd2 42. Nd4 Kd7 43. Nb3 Bc3 44. g5 Nfe8 45. Nd4 b6 46. Bxb6 Bd2 47. Bh5 Bxg5 48. Bg4+ Ke7 49. Nxc6+ Kf7 50. Bc5 Nc4 51. Bh5+ 1-0

[Event "Fort Lauderdale 1000 GM GM 11"]
[Site "Fort Lauderdale"]
[Date "2023.11.05"]
[Round "7"]
[White "Ozenir, Ekin Baris"]
[Black "Ngo, Bach"]
[Result "1/2-1/2"]
[WhiteElo "2391"]
[BlackElo "2367"]
[PlyCount "97"]
[EventDate "2023.11.02"]
[EventType "tourn"]
[EventRounds "9"]
[EventCountry "USA"]
[EventCategory "8"]
[SourceTitle "CBM 217 Extra"]
[Source "ChessBase"]
[SourceDate "2024.01.31"]
[SourceVersion "1"]
[SourceVersionDate "2024.01.31"]
[SourceQuality "1"]

1. c4 e6 2. Nc3 d5 3. d4 Nf6 4. cxd5 exd5 5. Bg5 c6 6. e3 Be6 7. Bd3 Nbd7 8. Nf3 Bg4 9. h3 Bh5 10. Qc2 Bxf3 11. gxf3 Be7 12. Rg1 Nh5 13. f4 g6 14. 0-0-0 Bxg5 15. Rxg5 Ndf6 16. Qb3 Qb6 17. Qa3 0-0-0 18. Na4 Qc7 19. Kb1 Kb8 20. Re5 Ng8 21. Nc5 Ka8 22. Rc1 Ng7 23. Rg5 Nf6 24. b4 Nd7 25. Ka1 Nxc5 26. bxc5 Ne6 27. Rgg1 Qc8 28. Rb1 Rd7 29. Rb4 Re8 30. Rgb1 Ree7 31. Ra4 Qb8 32. Rbb4 Nc7 33. Ra5 f5 34. Kb2 Ne8 35. Rxa7+ Qxa7 36. Ra4 Qxa4 37. Qxa4+ Kb8 38. Qa5 Nf6 39. a4 Ne4 40. Bxe4 Rxe4 41. Qe1 Re8 42. Kb3 Kc8 43. a5 Rc7 44. Qg1 Kd7 45. Qg5 Ke6 46. Qh6 Kf6 47. h4 Rd7 48. Kb4 Ra8 49. h5 1/2-1/2

[Event "Fort Lauderdale 1000 GM GM 11"]
[Site "Fort Lauderdale"]
[Date "2023.11.02"]
[Round "1"]
[White "Kevlishvili, Robby"]
[Black "Ozenir, Ekin Baris"]
[Result "1/2-1/2"]
[WhiteElo "2535"]
[BlackElo "2391"]
[PlyCount "114"]
[EventDate "2023.11.02"]
[EventType "tourn"]
[EventRounds "9"]
[EventCountry "USA"]
[EventCategory "8"]
[SourceTitle "CBM 217 Extra"]
[Source "ChessBase"]
[SourceDate "2024.01.31"]
[SourceVersion "1"]
[SourceVersionDate "2024.01.31"]
[SourceQuality "1"]

1. e4 e6 2. d4 d5 3. Nc3 Nf6 4. Bg5 dxe4 5. Nxe4 Be7 6. Nxf6+ Bxf6 7. Bxf6 Qxf6 8. Nf3 0-0 9. Qd3 c5 10. 0-0-0 Rd8 11. Qe4 Nc6 12. Bd3 Qh6+ 13. Kb1 cxd4 14. Rhe1 Bd7 15. g4 Rac8 16. g5 Qh5 17. a3 Re8 18. Nxd4 Nxd4 19. Qxd4 Bc6 20. h4 e5 21. Qxa7 Bf3 22. Rd2 Qxh4 23. Qe3 Bc6 24. b3 e4 25. Bc4 Qg4 26. Bd5 Qd7 27. Red1 Qc7 28. Bxc6 Qxc6 29. Re2 Ra8 30. Rd4 Rxa3 31. Qxe4 Raa8 32. Qxc6 bxc6 33. Rxe8+ Rxe8 34. Rd6 Rc8 35. Kb2 Kf8 36. Kc3 Ke7 37. Rd3 f6 38. Re3+ Kf7 39. Rf3 Ke6 40. gxf6 Rf8 41. Rh3 Rxf6 42. Rxh7 Rf3+ 43. Kb2 Rxf2 44. Rxg7 Kd5 45. Rg5+ Kd6 46. Kc3 Kc7 47. b4 Kb6 48. Kb3 Rf3+ 49. c3 Rh3 50. Rg4 Kb5 51. Rg5+ Kb6 52. Rc5 Rg3 53. Rh5 Rf3 54. Kc4 Rf4+ 55. Kd3 Rf3+ 56. Kd4 Rf4+ 57. Ke3 Rg4 1/2-1/2

[Event "Wch U20 60th"]
[Site "Mexico City"]
[Date "2023.10.01"]
[Round "11"]
[White "Ozenir, Ekin Baris"]
[Black "Woodward, Andy"]
[Result "1/2-1/2"]
[WhiteElo "2386"]
[BlackElo "2480"]
[PlyCount "60"]
[EventDate "2023.09.21"]
[EventType "swiss"]
[EventRounds "11"]
[EventCountry "MEX"]
[SourceTitle "CBM 216 Extra"]
[Source "ChessBase"]
[SourceDate "2023.11.30"]
[SourceVersion "1"]
[SourceVersionDate "2023.11.30"]
[SourceQuality "1"]

1. c4 Nf6 2. Nf3 g6 3. Nc3 Bg7 4. e4 e5 5. Nxe5 0-0 6. Nf3 Re8 7. Bd3 Nxe4 8. 0-0 Nf6 9. Bc2 d5 10. cxd5 Nxd5 11. d4 Nc6 12. h3 Be6 13. Bg5 Qd6 14. Bb3 Nxc3 15. bxc3 Na5 16. Nd2 h6 17. Be3 b6 18. Re1 Nxb3 19. axb3 a5 20. c4 Bf5 21. Nf3 c5 22. Ra2 cxd4 23. Nxd4 Bd7 24. Nb5 Qxd1 25. Rxd1 Bxb5 26. cxb5 Re5 27. Rd6 Rxb5 28. Rxb6 Rxb6 29. Bxb6 Rb8 30. Bxa5 Rxb3 1/2-1/2

[Event "Wch U20 60th"]
[Site "Mexico City"]
[Date "2023.09.30"]
[Round "10"]
[White "Fromm, Marius"]
[Black "Ozenir, Ekin Baris"]
[Result "1/2-1/2"]
[WhiteElo "2472"]
[BlackElo "2386"]
[PlyCount "62"]
[EventDate "2023.09.21"]
[EventType "swiss"]
[EventRounds "11"]
[EventCountry "MEX"]
[SourceTitle "CBM 216 Extra"]
[Source "ChessBase"]
[SourceDate "2023.11.30"]
[SourceVersion "1"]
[SourceVersionDate "2023.11.30"]
[SourceQuality "1"]

1. e4 e6 2. d4 d5 3. Nc3 Nf6 4. e5 Nfd7 5. f4 c5 6. Nf3 Nc6 7. Be3 cxd4 8. Nxd4 Qb6 9. Qd2 Qxb2 10. Rb1 Qa3 11. Bb5 Nxd4 12. Bxd4 a6 13. Bxd7+ Bxd7 14. Rb3 Qe7 15. Rxb7 Qh4+ 16. Bf2 Qd8 17. 0-0 Qc8 18. Rfb1 Bc5 19. Bxc5 Qxc5+ 20. Kh1 Rd8 21. Ne2 Qf2 22. Rxd7 Rxd7 23. Rb8+ Rd8 24. Qb4 Qxe2 25. Rxd8+ Kxd8 26. Qb8+ Kd7 27. Qb7+ Kd8 28. Qb8+ Kd7 29. Qb7+ Kd8 30. Qb8+ Kd7 31. Qb7+ Kd8 1/2-1/2

[Event "Wch U20 60th"]
[Site "Mexico City"]
[Date "2023.09.29"]
[Round "8"]
[White "Kallunki, Konsta"]
[Black "Ozenir, Ekin Baris"]
[Result "0-1"]
[WhiteElo "1978"]
[BlackElo "2386"]
[PlyCount "50"]
[EventDate "2023.09.21"]
[EventType "swiss"]
[EventRounds "11"]
[EventCountry "MEX"]
[SourceTitle "CBM 216 Extra"]
[Source "ChessBase"]
[SourceDate "2023.11.30"]
[SourceVersion "1"]
[SourceVersionDate "2023.11.30"]
[SourceQuality "1"]

1. e4 c5 2. Nf3 e6 3. c3 d5 4. exd5 Qxd5 5. d4 Nf6 6. Be2 Nc6 7. 0-0 Be7 8. Bf4 cxd4 9. cxd4 0-0 10. Nc3 Qf5 11. Be3 Rd8 12. Bd3 Qh5 13. Be2 Ng4 14. Bf4 Qf5 15. Bc7 Rd7 16. Bd3 Qf6 17. Ne4 Qh6 18. h3 f5 19. hxg4 fxe4 20. Bxe4 Rxc7 21. Rc1 Qf4 22. Re1 Bd6 23. Qd3 g6 24. Bxg6 hxg6 25. Qxg6+ Rg7 0-1

[Event "Wch U20 60th"]
[Site "Mexico City"]
[Date "2023.09.25"]
[Round "5"]
[White "Ozenir, Ekin Baris"]
[Black "Svane, Frederik"]
[Result "0-1"]
[WhiteElo "2386"]
[BlackElo "2626"]
[PlyCount "52"]
[EventDate "2023.09.21"]
[EventType "swiss"]
[EventRounds "11"]
[EventCountry "MEX"]
[SourceTitle "CBM 216 Extra"]
[Source "ChessBase"]
[SourceDate "2023.11.30"]
[SourceVersion "1"]
[SourceVersionDate "2023.11.30"]
[SourceQuality "1"]

1. d4 Nf6 2. c4 g6 3. Nc3 Bg7 4. e4 d6 5. Be2 0-0 6. Nf3 e5 7. d5 Na6 8. Nd2 Ne8 9. h4 f5 10. h5 gxh5 11. Rxh5 Nf6 12. Rh1 Qe8 13. a3 Qg6 14. Nf3 fxe4 15. Nh4 Qf7 16. Be3 Nc5 17. Qc2 Nd3+ 18. Bxd3 exd3 19. Qxd3 e4 20. Qc2 Ng4 21. Nxe4 Nxe3 22. fxe3 Qe7 23. 0-0-0 Bd7 24. Kb1 Rae8 25. Ng3 Qe5 26. Nf1 Ba4 0-1

[Event "Texas Collegiate Finals"]
[Site "Brownsville"]
[Date "2023.09.17"]
[Round "4.3"]
[White "Ozenir, Ekin Baris"]
[Black "Brodsky, David"]
[Result "1/2-1/2"]
[WhiteElo "2386"]
[BlackElo "2493"]
[PlyCount "143"]
[EventDate "2023.09.16"]
[EventType "team-tourn"]
[EventRounds "4"]
[EventCountry "USA"]
[SourceTitle "CBM 216 Extra"]
[Source "ChessBase"]
[SourceDate "2023.11.30"]
[SourceVersion "1"]
[SourceVersionDate "2023.11.30"]
[SourceQuality "1"]
[WhiteTeam "Texas Rio Grande Valley Univ II"]
[BlackTeam "Texas Dallas Univ"]
[WhiteTeamCountry "USA"]
[BlackTeamCountry "USA"]

1. d4 Nf6 2. c4 e6 3. g3 d5 4. Bg2 dxc4 5. Qa4+ Nbd7 6. Qxc4 a6 7. Be3 Bd6 8. Qc1 0-0 9. Nf3 Rb8 10. 0-0 b6 11. Nbd2 Nd5 12. Nc4 Nxe3 13. Qxe3 Bb7 14. Rfd1 Qe7 15. Rac1 Rfd8 16. a3 a5 17. Qd3 Ba6 18. Qb1 e5 19. e4 Bxc4 20. Rxc4 g6 21. dxe5 Nxe5 22. Rcc1 Qf6 23. Nxe5 Bxe5 24. b3 Bb2 25. Rxc7 Bxa3 26. Rc2 Bc5 27. Rd5 Rxd5 28. exd5 Re8 29. Qd1 h5 30. Re2 Rxe2 31. Qxe2 h4 32. Bf1 Qf5 33. Qd2 hxg3 34. hxg3 Qf3 35. Qc2 Qxg3+ 36. Bg2 Qf4 37. Bf1 g5 38. Bc4 Qg3+ 39. Kf1 Qh3+ 40. Ke2 Bxf2 41. Qe4 Qh2 42. d6 Bc5+ 43. Kd3 Qxd6+ 44. Kc2 Kg7 45. Bd3 Bd4 46. Qh7+ Kf8 47. Qh5 Qf6 48. Kb1 Bc5 49. Qh2 g4 50. Qb8+ Kg7 51. Qg3 Qg5 52. Be2 f5 53. Bd3 f4 54. Qh2 Qh6 55. Qe2 f3 56. Qe4 Qg5 57. Qh7+ Kf8 58. Bc4 Qf4 59. Qg8+ Ke7 60. Qe6+ Kd8 61. Bb5 Qd6 62. Qg8+ Kc7 63. Qg7+ Kb8 64. Qg8+ Ka7 65. Qg7+ Qe7 66. Qxg4 f2 67. Qf3 Qe3 68. Qd5 f1Q+ 69. Bxf1 Qe1+ 70. Kc2 Qf2+ 71. Qd2 Qxf1 72. Qd7+ 1/2-1/2

[Event "TUR-chT 1st League"]
[Site "Denizli"]
[Date "2023.07.14"]
[Round "8.14"]
[White "Kaplan, Bahadir"]
[Black "Ozenir, Ekin Baris"]
[Result "0-1"]
[WhiteElo "1913"]
[BlackElo "2374"]
[PlyCount "50"]
[EventDate "2023.07.09"]
[EventType "team-swiss"]
[EventRounds "9"]
[EventCountry "TUR"]
[SourceTitle "CBM 215 Extra"]
[Source "ChessBase"]
[SourceDate "2023.09.30"]
[SourceVersion "1"]
[SourceVersionDate "2023.09.30"]
[SourceQuality "1"]
[WhiteTeam "Bulancak Ihsaniye Genclik"]
[BlackTeam "Pamukkale Universiteli"]
[WhiteTeamCountry "TUR"]
[BlackTeamCountry "TUR"]

1. Nf3 Nf6 2. g3 b5 3. Bg2 Bb7 4. 0-0 g6 5. d3 d6 6. e4 Bg7 7. Nh4 Nfd7 8. f4 c5 9. a4 b4 10. Nd2 Nc6 11. Nc4 Nb6 12. Ne3 a5 13. f5 Ne5 14. Ng4 Nbd7 15. Nh6 Qb6 16. Be3 d5 17. fxg6 hxg6 18. Ng4 dxe4 19. dxe4 Rd8 20. Nxe5 Nxe5 21. Qe2 Ba6 22. Qf2 Bxf1 23. Rxf1 0-0 24. Bh3 Nc4 25. Bxc5 Qxc5 0-1

[Event "TUR-chT 1st League"]
[Site "Denizli"]
[Date "2023.07.12"]
[Round "5.33"]
[White "Akin, Yagiz Cinar"]
[Black "Ozenir, Ekin Baris"]
[Result "1/2-1/2"]
[WhiteElo "2193"]
[BlackElo "2374"]
[PlyCount "64"]
[EventDate "2023.07.09"]
[EventType "team-swiss"]
[EventRounds "9"]
[EventCountry "TUR"]
[SourceTitle "CBM 215 Extra"]
[Source "ChessBase"]
[SourceDate "2023.09.30"]
[SourceVersion "1"]
[SourceVersionDate "2023.09.30"]
[SourceQuality "1"]
[WhiteTeam "Besiktas Jimnastik"]
[BlackTeam "Pamukkale Universiteli"]
[WhiteTeamCountry "TUR"]
[BlackTeamCountry "TUR"]

1. Nf3 Nf6 2. c4 b6 3. g3 Bb7 4. Bg2 e6 5. 0-0 c5 6. Nc3 Be7 7. Re1 d5 8. cxd5 Nxd5 9. e4 Nxc3 10. bxc3 0-0 11. d4 Nd7 12. Bf4 Nf6 13. Ne5 Rc8 14. Qa4 a6 15. Rad1 b5 16. Qb3 cxd4 17. cxd4 Bd6 18. Nxf7 Kxf7 19. Bxd6 Qxd6 20. e5 Bd5 21. exd6 Bxb3 22. axb3 Rfd8 23. d5 exd5 24. Re7+ Kf8 25. Bxd5 Nxd5 26. Rxd5 Rxd6 27. Rxd6 Kxe7 28. Rxa6 Rc3 29. Ra7+ Kf6 30. Ra6+ Kf7 31. Ra7+ Kf6 32. Ra6+ Ke5 1/2-1/2

[Event "TUR-chT 1st League"]
[Site "Denizli"]
[Date "2023.07.10"]
[Round "3.14"]
[White "Ozenir, Ekin Baris"]
[Black "Uzumcu, Ahmet Utku"]
[Result "0-1"]
[WhiteElo "2374"]
[BlackElo "2215"]
[PlyCount "82"]
[EventDate "2023.07.09"]
[EventType "team-swiss"]
[EventRounds "9"]
[EventCountry "TUR"]
[SourceTitle "CBM 215 Extra"]
[Source "ChessBase"]
[SourceDate "2023.09.30"]
[SourceVersion "1"]
[SourceVersionDate "2023.09.30"]
[SourceQuality "1"]
[WhiteTeam "Pamukkale Universiteli"]
[BlackTeam "Guzelbahce Altyapi"]
[WhiteTeamCountry "TUR"]
[BlackTeamCountry "TUR"]

1. Nf3 d5 2. d4 Nf6 3. c4 c6 4. Qc2 dxc4 5. Qxc4 Bg4 6. Nc3 Bxf3 7. gxf3 e6 8. e4 Nbd7 9. Be3 Be7 10. Qb3 Qc7 11. Be2 0-0 12. f4 Rfd8 13. h4 a6 14. Rc1 Nf8 15. e5 N6d7 16. h5 Qb6 17. Qc2 Qa5 18. f5 exf5 19. Qxf5 Ne6 20. Rg1 Ndf8 21. Qg4 c5 22. d5 Rxd5 23. b4 cxb4 24. Nxd5 Qxd5 25. f4 h6 26. Qf3 Qxa2 27. Qxb7 Qa3 28. Qf3 b3 29. Kf2 b2 30. Rb1 Rc8 31. f5 Ng5 32. Bxg5 Rc3 33. Be3 Bh4+ 34. Kf1 Rxe3 35. Qd5 Qc3 36. f6 Bg5 37. Bc4 Rf3+ 38. Kg2 Rg3+ 39. Kh1 Rh3+ 40. Kg2 Qg3+ 41. Kf1 Qf3+ 0-1

[Event "Pan American Intercollegiate-chT"]
[Site "Seattle"]
[Date "2023.01.08"]
[Round "6"]
[White "Ozenir, Ekin Baris"]
[Black "Quesada Perez, Yuniesky"]
[Result "0-1"]
[WhiteElo "2360"]
[BlackElo "2585"]
[PlyCount "184"]
[EventDate "2023.01.05"]
[EventType "team-swiss"]
[EventRounds "6"]
[EventCountry "USA"]
[SourceTitle "CBM 212 Extra"]
[Source "ChessBase"]
[SourceDate "2023.03.31"]
[SourceVersion "1"]
[SourceVersionDate "2023.03.31"]
[SourceQuality "1"]
[WhiteTeam "Texas Rio Grande Valley Univ II"]
[BlackTeam "Webster Univ"]
[WhiteTeamCountry "USA"]
[BlackTeamCountry "USA"]

1. d4 Nf6 2. c4 e6 3. Nf3 d5 4. g3 Bb4+ 5. Bd2 Bd6 6. Bg2 c6 7. Qc2 Nbd7 8. 0-0 0-0 9. Bg5 h6 10. Bxf6 Nxf6 11. Nbd2 b6 12. e4 Be7 13. e5 Nd7 14. cxd5 cxd5 15. Rfc1 Nb8 16. Bf1 Bd7 17. a3 a5 18. Nb1 b5 19. Nc3 b4 20. Na4 Na6 21. Qd1 Qb8 22. Bxa6 Bxa4 23. Qxa4 Rxa6 24. axb4 Bxb4 25. Rc2 Qe8 26. Rc7 Qxa4 27. Rxa4 Rb8 28. g4 Rab6 29. h4 R6b7 30. Rc2 Kf8 31. Kf1 Ke8 32. Ng1 Be7 33. Rxa5 Bxh4 34. Nf3 Be7 35. Ra2 g6 36. Ke2 Rb4 37. Ke3 Bd8 38. Kd3 R8b7 39. Ke3 Kd7 40. Ne1 Bb6 41. Nf3 Ra7 42. Rxa7+ Bxa7 43. Rc1 Rb3+ 44. Ke2 Rxb2+ 45. Ke3 Rb3+ 46. Ke2 Rb8 47. Rh1 Rh8 48. Rb1 Kc6 49. Rc1+ Kb7 50. Rh1 Bb6 51. Ke3 Bd8 52. Rb1+ Kc6 53. Ra1 h5 54. Rc1+ Kd7 55. Kf4 hxg4 56. Kxg4 Rh5 57. Ra1 Rf5 58. Ra7+ Kc6 59. Ra8 Bb6 60. Ra2 Kd7 61. Rb2 Bd8 62. Ra2 g5 63. Ra7+ Kc6 64. Ra8 Kc7 65. Ra4 Kb7 66. Rb4+ Kc6 67. Rb8 Kc7 68. Ra8 f6 69. Ra7+ Kc6 70. Ra6+ Kd7 71. Ra7+ Bc7 72. exf6 Rf4+ 73. Kg3 Rxf6+ 74. Kg2 Kc6 75. Ra6+ Kb7 76. Ra3 g4 77. Ne1 Kc6 78. Nd3 Rf3 79. Rc3+ Kd6 80. Rb3 Ke7 81. Kg1 Kf6 82. Kg2 Kf5 83. Nc5 Rxb3 84. Nxb3 Bd6 85. f3 g3 86. Nc1 Kf4 87. Nd3+ Ke3 88. Nc5 e5 89. Nb7 Bc7 90. dxe5 Bxe5 91. Na5 Bc7 92. Nb3 d4 0-1

[Event "US Masters op"]
[Site "Charlotte"]
[Date "2022.11.25"]
[Round "4"]
[White "Canty, James H"]
[Black "Ozenir, Ekin Baris"]
[Result "1/2-1/2"]
[WhiteElo "2158"]
[BlackElo "2352"]
[PlyCount "50"]
[EventDate "2022.11.23"]
[EventType "swiss"]
[EventRounds "9"]
[EventCountry "USA"]
[SourceTitle "CBM 211 Extra"]
[Source "ChessBase"]
[SourceDate "2023.01.31"]
[SourceVersion "1"]
[SourceVersionDate "2023.01.31"]
[SourceQuality "1"]

1. e4 e6 2. d4 d5 3. Nc3 Nf6 4. Bg5 dxe4 5. Nxe4 Be7 6. Bxf6 gxf6 7. Nf3 f5 8. Nc3 a6 9. Qe2 b5 10. 0-0-0 b4 11. Na4 Qd5 12. c4 Qa5 13. b3 Bd7 14. d5 Bxa4 15. bxa4 Qxa4 16. dxe6 b3 17. exf7+ Kxf7 18. c5 Qa3+ 19. Qb2 Qxc5+ 20. Kb1 Bf6 21. Qxb3+ Kg7 22. Rd5 Qxf2 23. Bc4 Qb6 24. Qxb6 cxb6 25. Rxf5 Nc6 1/2-1/2

[Event "US Masters op"]
[Site "Charlotte"]
[Date "2022.11.24"]
[Round "2"]
[White "Gazik, Viktor"]
[Black "Ozenir, Ekin Baris"]
[Result "1/2-1/2"]
[WhiteElo "2564"]
[BlackElo "2352"]
[PlyCount "67"]
[EventDate "2022.11.23"]
[EventType "swiss"]
[EventRounds "9"]
[EventCountry "USA"]
[SourceTitle "CBM 211 Extra"]
[Source "ChessBase"]
[SourceDate "2023.01.31"]
[SourceVersion "1"]
[SourceVersionDate "2023.01.31"]
[SourceQuality "1"]

1. c4 e5 2. Nc3 Nc6 3. Nf3 g6 4. d4 exd4 5. Nxd4 Bg7 6. Nxc6 bxc6 7. g3 Ne7 8. Bg2 0-0 9. 0-0 Rb8 10. Qc2 c5 11. Bg5 h6 12. Be3 d6 13. Rad1 Bd7 14. b3 Nf5 15. Bc1 Nd4 16. Qd2 Bc6 17. Nd5 Bxd5 18. Bxd5 Rb6 19. Qd3 Kh7 20. Bd2 Qd7 21. Rfe1 Nc6 22. a3 Ne5 23. Qc2 Rfb8 24. Rb1 Ra6 25. Bc1 h5 26. Rd1 Rab6 27. Bd2 Ra6 28. Bc1 Rab6 29. Be4 Qh3 30. Bg2 Qf5 31. Be4 Qh3 32. e3 h4 33. Rd5 Qg4 34. Bd2 1/2-1/2

[Event "Charlotte CCCSA Fall GM-B"]
[Site "Charlotte"]
[Date "2022.11.21"]
[Round "8"]
[White "Ozenir, Ekin Baris"]
[Black "Hilby, Craig"]
[Result "1/2-1/2"]
[WhiteElo "2352"]
[BlackElo "2411"]
[PlyCount "67"]
[EventDate "2022.11.18"]
[EventType "tourn"]
[EventRounds "9"]
[EventCountry "USA"]
[EventCategory "8"]
[SourceTitle "CBM 211 Extra"]
[Source "ChessBase"]
[SourceDate "2023.01.31"]
[SourceVersion "1"]
[SourceVersionDate "2023.01.31"]
[SourceQuality "1"]

1. Nf3 g6 2. e4 Bg7 3. d4 d6 4. c3 Nf6 5. Bd3 0-0 6. 0-0 Nbd7 7. Be3 e5 8. Nbd2 b6 9. a4 a5 10. dxe5 Nxe5 11. Nxe5 dxe5 12. Be2 Bb7 13. Qb1 h5 14. h3 Kh7 15. Rd1 Bh6 16. Bxh6 Kxh6 17. b4 Qe7 18. f3 Rfd8 19. Qb2 h4 20. Bf1 Nh5 21. Nc4 Ba6 22. b5 Bb7 23. Ne3 Kg7 24. c4 Rxd1 25. Rxd1 Nf4 26. Nd5 Bxd5 27. cxd5 Rd8 28. Rc1 Nh5 29. Rc6 Nf6 30. Bd3 Rd6 31. Rc2 Ne8 32. f4 f6 33. Rf2 Rd8 34. f5 1/2-1/2